000 01125nam a22002777a 4500
005 20180309142152.0
010 _a1516ENO7 ENG-114943
020 _a9789332544932
_c895.00
035 _aB-610934-951
035 _aB-663863
037 _aDPL
_bUBH/Ven
037 _adpl
_bBookwell
082 _a304.2
100 _aKnox, Paul L.
245 _aHuman geography :
_cby Paul L.Knox [and] Sallie A. Marston
_bplaces and regions in global context /
250 _a6th ed
260 _aNoida
_bPearson Education
_c2015
270 _bNoida
_a7th Floor,Knowledge Boulevard,A-8(A),Sector-62
_e201309
300 _a441p.:
_bill.,maps
_c28cm(pbk)
500 _aIncludes bibliographical references and index
650 _a Human geography.
700 _aMarston,Sallie A.
942 _2ddc
_cEN
_mKNO
_h304.2
999 _c96354
_d96354